|
|
|
|
| LEADER |
00000nam a2200000 a 4500 |
| 003 |
Ucuenca |
| 005 |
20230308225425.0 |
| 008 |
000000|1978 sp |||||r|||||||||||spa|| |
| 020 |
|
|
|a 84-283-1155-2
|
| 040 |
|
|
|b spa
|
| 041 |
1 |
|
|a spa
|
| 082 |
0 |
|
|a 621.38
|
| 100 |
1 |
|
|9 211629
|a Loveday, G. C.
|
| 245 |
|
|
|a Localización de averías en electrónica
|c G. C. Loveday, traducción de José Antonio Esteban Hernández
|h imp
|
| 246 |
|
1 |
|a Electronic fault diagnosis
|
| 250 |
|
|
|a 2a ed.
|
| 264 |
|
|
|a Madrid
|b Paraninfo
|c 1978
|
| 300 |
|
|
|a 316 páginas:
|b ilu
|c 23 cm
|
| 504 |
|
|
|a incl. ref.
|
| 505 |
0 |
|
|a Bases para el diagnóstico de averías-- Amplificador de una sola etapa con transistor--- Circuitos de alimentación-- Circuitos amplificadores-- Circuitos osciladores y de base de tiempo...
|
| 650 |
1 |
0 |
|a Electrónica
|9 9045
|
| 650 |
|
0 |
|a Circuito electrónico
|9 34061
|
| 650 |
|
0 |
|a Sistemas electronicos
|9 211636
|
| 852 |
|
|
|a UC-CDJBV
|
| 942 |
|
|
|c BK
|z lourdes.naula@ucuenca.edu.ec
|
| 999 |
|
|
|c 152593
|d 152593
|